Vybrané kapitoly zo spotrebiteľského práva
Salvato in:
| Autore principale: | |
|---|---|
| Ente Autore: | |
| Altri autori: | , |
| Natura: | Libro |
| Lingua: | slovacco |
| Pubblicazione: |
Bratislava
Vydavateľstvo EKONÓM
2015
|
| Edizione: | 1. vyd. |
| Soggetti: | |
| Tags: |
Nessun Tag, puoi essere il primo ad aggiungerne!!
|
MARC
| LEADER | 00000nam a2200000 4500 | ||
|---|---|---|---|
| 001 | 0209064 | ||
| 005 | 20240704123743.0 | ||
| 020 | |a 978-80-225-4143-5 | ||
| 041 | 0 | |a slo | |
| 044 | |a SK | ||
| 245 | 1 | 0 | |a Vybrané kapitoly zo spotrebiteľského práva |c Mária Veterníková ; recenzenti: Saskia Poláčková, Hana Magurová |
| 250 | |a 1. vyd. | ||
| 264 | 1 | |a Bratislava |b Vydavateľstvo EKONÓM |c 2015 | |
| 300 | |a 178 s. [11,44 AH] | ||
| 610 | 2 | 0 | |a právo spotrebiteľské |
| 610 | 2 | 0 | |a spotrebitelia |
| 610 | 2 | 0 | |a ochrana spotrebiteľa |
| 610 | 2 | 0 | |a zmluvy kúpne |
| 610 | 2 | 0 | |a predaj zásielkový |
| 610 | 2 | 0 | |a obchod elektronický |
| 610 | 2 | 0 | |a reklama |
| 610 | 2 | 0 | |a zodpovednosť právna |
| 610 | 2 | 0 | |a konanie súdne občianske |
| 610 | 2 | 0 | |a konanie konkurzné |
| 610 | 2 | 0 | |a oddlženie |
| 100 | 1 | |a Veterníková, Mária, 1964- | |
| 700 | 1 | |a Poláčková, Saskia | |
| 700 | 1 | |a Magurová, Hana, 1986- | |
| 710 | 2 | |a Ekonomická univerzita v Bratislave. Obchodná fakulta | |